Changing face of a village (Record no. 17571)

000 -LEADER
fixed length control field 00376pab a2200157 454500
008 - FIXED-LENGTH DATA ELEMENTS--GENERAL INFORMATION
fixed length control field 180718b1986 xxu||||| |||| 00| 0 eng d
100 ## - MAIN ENTRY--PERSONAL NAME
Personal name Sawant, G.K.
245 ## - TITLE STATEMENT
Title Changing face of a village
260 ## - PUBLICATION, DISTRIBUTION, ETC.
Date of publication, distribution, etc. 1986
300 ## - PHYSICAL DESCRIPTION
Extent 23-5
362 ## - DATES OF PUBLICATION AND/OR SEQUENTIAL DESIGNATION
Dates of publication and/or sequential designation Feb.
650 ## - SUBJECT ADDED ENTRY--TOPICAL TERM
Topical term or geographic name entry element Rural Development - India - Maharashtra
700 ## - ADDED ENTRY--PERSONAL NAME
Personal name H.S. Bhoite
773 ## - HOST ITEM ENTRY
Main entry heading Kurukshetra
909 ## -
-- 17571
Holdings
Withdrawn status Lost status Damaged status Not for loan Permanent Location Current Location Date acquired Serial Enumeration / chronology Barcode Date last seen Price effective from Koha item type
        Indian Institute of Public Administration Indian Institute of Public Administration 2018-07-19 Volume no: 34, Issue no: 5 AR17631 2018-07-19 2018-07-19 Articles

Powered by Koha